| 000 | 00888cam a22001814a 4500 | ||
|---|---|---|---|
| 005 | 20250605164400.0 | ||
| 008 | 250528s ||||||||||||||||||||||||d | ||
| 035 | _a24556 | ||
| 040 |
_aGR-AtMCL _bgre _dGR-AtMCL _eAACR2 |
||
| 245 | 1 | _aΣυνδυασμένες Μεταφορές - Ειδικά Συστήματα - Υπολογιστες Μεθόδοι | |
| 260 |
_aΑθήνα _bΕ.Μ. Πολυτεχνείο, _c2004 |
||
| 300 | _a208 | ||
| 520 | _aΑνάπτυξη Μεθόδων, Ασκήσεις, Παραδείγματα, Ερωτήσεις επί της Θεωρίας, Οδηγίες και Βοηθήματα για τη Σύνταξη Θέματος, Συστήματα Ποιότητας και Υποδείγματα για τη Διασφάλιση της Ποιότητας. | ||
| 700 | 1 |
_aΣταθόπουλος Α _99468 |
|
| 942 | _cBK | ||
| 999 |
_c9430 _d9430 |
||